[Event "Chigorin Memorial 21st"]
[Site "St Petersburg"]
[Date "2013.10.09"]
[Round "5"]
[White "Osipov, Vladimir N"]
[Black "Stoliarenko, Ivan"]
[Result "0-1"]
[WhiteElo "1919"]
[BlackElo "1724"]
[PlyCount "57"]
[EventDate "2013.10.05"]
[EventType "swiss"]
[EventRounds "9"]
[EventCountry "RUS"]
[SourceTitle "CBM 156 Extra"]
[Source "ChessBase"]
[SourceDate "2013.10.22"]
[SourceVersion "1"]
[SourceVersionDate "2013.10.22"]
[SourceQuality "1"]

1. e4 c5 2. Nf3 e6 3. d4 cxd4 4. Nxd4 Nc6 5. c4 a6 6. Nc3 Qc7 7. Be2 Nf6 8. 0-0 Be7 9. Be3 d6 10. Rc1 0-0 11. a3 Na5 12. b4 e5 13. Nf5 Bxf5 14. bxa5 Bxe4 15. Bb6 Qd7 16. c5 d5 17. f4 exf4 18. Rxf4 Qe6 19. Nxe4 Nxe4 20. Bg4 f5 21. Bf3 Bg5 22. Bxe4 dxe4 23. Rf1 Bxc1 24. Qxc1 Rac8 25. Rd1 f4 26. Qc3 Kh8 27. Qd4 f3 28. gxf3 exf3 29. Rd2 0-1

[Event "Chigorin Memorial 21st"]
[Site "St Petersburg"]
[Date "2013.10.06"]
[Round "2"]
[White "Stoliarenko, Ivan"]
[Black "Kharchenko, Daniil"]
[Result "0-1"]
[WhiteElo "1724"]
[BlackElo "2023"]
[PlyCount "92"]
[EventDate "2013.10.05"]
[EventType "swiss"]
[EventRounds "9"]
[EventCountry "RUS"]
[SourceTitle "CBM 156 Extra"]
[Source "ChessBase"]
[SourceDate "2013.10.22"]
[SourceVersion "1"]
[SourceVersionDate "2013.10.22"]
[SourceQuality "1"]

1. e4 c5 2. Nf3 Nc6 3. d4 cxd4 4. Nxd4 g6 5. Nc3 Bg7 6. Be3 Nf6 7. Be2 0-0 8. Nb3 d6 9. f4 b6 10. 0-0 Bb7 11. Bf3 Nd7 12. Kh1 Rc8 13. Qd2 Nc5 14. Rad1 a5 15. Qf2 Ba6 16. Rfe1 Qc7 17. Bg4 Bxc3 18. bxc3 Nxe4 19. Qg1 Rb8 20. Bd2 Nxd2 21. Rxd2 e6 22. Red1 Rfd8 23. a4 Bc4 24. Bf3 Ne7 25. Qd4 Nf5 26. Qf6 d5 27. g3 Rbc8 28. Nc1 Qe7 29. Qe5 Qc7 30. Qxc7 Rxc7 31. Re1 Rdc8 32. Kg2 Ba6 33. Na2 Bb7 34. Kh3 Rc4 35. g4 Nd6 36. Rd4 Rxd4 37. cxd4 Rxc2 38. Rb1 Nc4 39. Nc1 Nd2 40. Bd1 Rc3+ 41. Kg2 Nxb1 42. Ne2 Rd3 43. Bc2 Rd2 44. Bxb1 Rxe2+ 45. Kg3 Ba6 46. f5 Rb2 0-1

[Event "St Petersburg Blockade op"]
[Site "St Petersburg"]
[Date "2013.01.11"]
[Round "9"]
[White "Stoliarenko, Ivan"]
[Black "Zavgorodniaya, Alena"]
[Result "0-1"]
[WhiteElo "1711"]
[BlackElo "1894"]
[PlyCount "80"]
[EventDate "2013.01.03"]
[EventType "swiss"]
[EventRounds "9"]
[EventCountry "RUS"]
[SourceTitle "CBM 152 Extra"]
[Source "ChessBase"]
[SourceDate "2013.02.25"]
[SourceVersion "1"]
[SourceVersionDate "2013.02.25"]
[SourceQuality "1"]

1. e4 e5 2. Nf3 Nc6 3. Bb5 f5 4. exf5 e4 5. Bxc6 dxc6 6. Ne5 Bxf5 7. b3 Qg5 8. g3 Bd6 9. d4 Qe7 10. g4 Bxe5 11. gxf5 0-0-0 12. Bb2 Qd7 13. Na3 Qxf5 14. Nc4 Bf4 15. Ne3 Qa5+ 16. Qd2 Qxd2+ 17. Kxd2 Nf6 18. Ke2 Rhf8 19. c4 Nh5 20. d5 Bh6 21. Bd4 Nf4+ 22. Kf1 cxd5 23. cxd5 Nxd5 24. Ng4 Bd2 25. Ke2 Bc3 26. Bxc3 Nxc3+ 27. Ke1 Rd6 28. Rg1 Ra6 29. a3 Nb5 30. a4 Nd4 31. Kd1 Rd6 32. Ne3 Nxb3+ 33. Ke2 Rd2+ 34. Ke1 Rfxf2 35. Nc4 Rde2+ 36. Kd1 Nxa1 37. Rxg7 b6 38. a5 Nc2 39. Kc1 Nd4 40. a6 Rf1# 0-1

[Event "St Petersburg Blockade op"]
[Site "St Petersburg"]
[Date "2013.01.06"]
[Round "4"]
[White "Gantsevich, Aleksei"]
[Black "Stoliarenko, Ivan"]
[Result "1-0"]
[WhiteElo "2066"]
[BlackElo "1711"]
[PlyCount "117"]
[EventDate "2013.01.03"]
[EventType "swiss"]
[EventRounds "9"]
[EventCountry "RUS"]
[SourceTitle "CBM 152 Extra"]
[Source "ChessBase"]
[SourceDate "2013.02.25"]
[SourceVersion "1"]
[SourceVersionDate "2013.02.25"]
[SourceQuality "1"]

1. e4 c5 2. Nf3 d6 3. d4 cxd4 4. Nxd4 Nf6 5. Nc3 Nc6 6. Bg5 e6 7. Qd2 Be7 8. 0-0-0 a6 9. f4 Qc7 10. Bxf6 gxf6 11. g3 Bd7 12. Bh3 Rc8 13. f5 e5 14. Nd5 Qa5 15. Qxa5 Nxa5 16. Ne2 Nc4 17. Nec3 Bd8 18. Bf1 b5 19. Bxc4 Rxc4 20. b3 Rc5 21. Rd3 a5 22. a3 Bc6 23. Kb2 Kd7 24. Rhd1 Bb7 25. Nxf6+ Bxf6 26. Rxd6+ Ke8 27. Rxf6 b4 28. axb4 axb4 29. Nd5 Rc6 30. Rxc6 Bxc6 31. Nxb4 Bxe4 32. Re1 Bxf5 33. Rxe5+ Be6 34. c4 Ke7 35. Kc3 Kd6 36. Ra5 Rd8 37. Nd3 Kc6 38. Nf4 Rd1 39. Nxe6 fxe6 40. Ra6+ Kd7 41. Ra7+ Ke8 42. Rxh7 e5 43. b4 e4 44. Rh4 Re1 45. Kd4 e3 46. Re4+ Kd7 47. Rxe3 Rxe3 48. Kxe3 Ke6 49. Ke4 Kf6 50. b5 Ke6 51. c5 Kd7 52. Kd5 Kc7 53. h4 Kb8 54. c6 Ka8 55. b6 Kb8 56. h5 Ka8 57. h6 Kb8 58. h7 Ka8 59. h8Q# 1-0

[Event "Wch U12"]
[Site "Maribor"]
[Date "2012.11.12"]
[Round "6.47"]
[White "Stoliarenko, Ivan"]
[Black "Nguyen, Dang Hong Phuc"]
[Result "0-1"]
[WhiteElo "1673"]
[BlackElo "1848"]
[PlyCount "58"]
[EventDate "2012.11.08"]
[EventType "swiss"]
[EventRounds "11"]
[EventCountry "SLO"]
[SourceTitle "EXT 2013"]
[Source "ChessBase"]
[SourceDate "2012.11.22"]
[SourceVersion "1"]
[SourceVersionDate "2012.11.22"]
[SourceQuality "1"]

1. e4 c5 2. Nf3 d6 3. d4 cxd4 4. Nxd4 Nf6 5. Nc3 a6 6. Be2 e6 7. Be3 Qc7 8. 0-0 Nbd7 9. Nb3 b5 10. Bf3 Bb7 11. a3 Be7 12. Qe2 0-0 13. Rad1 Ne5 14. Rfe1 Nc4 15. Rb1 Nxa3 16. bxa3 Qxc3 17. Bd2 Qc7 18. Na5 Rab8 19. Nxb7 Rxb7 20. e5 Nd5 21. c4 bxc4 22. Rxb7 Qxb7 23. Qxc4 dxe5 24. Rxe5 Rd8 25. Qa4 Qb2 26. Re2 Nb6 27. Qf4 Qb1+ 28. Bc1 Rd1+ 29. Re1 Rxe1# 0-1

[Event "EU-ch U12"]
[Site "Prague"]
[Date "2012.08.23"]
[Round "7"]
[White "Muha, Miljenko"]
[Black "Stoliarenko, Ivan"]
[Result "0-1"]
[WhiteElo "1840"]
[BlackElo "1641"]
[PlyCount "46"]
[EventDate "2012.08.17"]
[EventType "swiss"]
[EventRounds "9"]
[EventCountry "CZE"]
[SourceTitle "CBM 150 Extra"]
[Source "ChessBase"]
[SourceDate "2012.10.19"]
[SourceVersion "1"]
[SourceVersionDate "2012.10.19"]
[SourceQuality "1"]

1. d4 Nf6 2. c4 g6 3. Nc3 Bg7 4. e4 d6 5. f3 0-0 6. Nge2 Nc6 7. Be3 e5 8. d5 Nd4 9. Nxd4 exd4 10. Bxd4 c5 11. dxc6 bxc6 12. Be2 c5 13. Be3 Rb8 14. Qd2 Qb6 15. b3 Nh5 16. Rc1 Be6 17. 0-0 a6 18. Rfd1 Rbd8 19. Nd5 Bxd5 20. exd5 Rfe8 21. Re1 Rxe3 22. g4 Bd4 23. Kh1 Nf4 0-1

[Event "EU-ch U12"]
[Site "Prague"]
[Date "2012.08.21"]
[Round "5"]
[White "Stoliarenko, Ivan"]
[Black "Akdogan, Alperen"]
[Result "1/2-1/2"]
[WhiteElo "1641"]
[BlackElo "1736"]
[PlyCount "71"]
[EventDate "2012.08.17"]
[EventType "swiss"]
[EventRounds "9"]
[EventCountry "CZE"]
[SourceTitle "CBM 150 Extra"]
[Source "ChessBase"]
[SourceDate "2012.10.19"]
[SourceVersion "1"]
[SourceVersionDate "2012.10.19"]
[SourceQuality "1"]

1. e4 c5 2. Nf3 d6 3. d4 cxd4 4. Nxd4 Nf6 5. Nc3 g6 6. Be3 Bg7 7. f3 Nc6 8. Qd2 0-0 9. 0-0-0 d5 10. Kb1 e5 11. Nxc6 bxc6 12. exd5 cxd5 13. Nxd5 Nxd5 14. Qxd5 Qxd5 15. Rxd5 Be6 16. Rb5 Rab8 17. Bxa7 Rxb5 18. Bxb5 Ra8 19. Be3 Bxa2+ 20. Kc1 Bc4 21. Bxc4 Ra1+ 22. Kd2 Rxh1 23. h3 Kf8 24. b4 Ke8 25. b5 Bf8 26. b6 Bd6 27. Bb5+ Kd8 28. c4 Kc8 29. c5 Be7 30. c6 Bd6 31. b7+ Kb8 32. Kc3 Rh2 33. Bf1 Rh1 34. Bb5 Rh2 35. Bf1 Rh1 36. Bb5 1/2-1/2

[Event "EU-ch U12"]
[Site "Prague"]
[Date "2012.08.18"]
[Round "2"]
[White "Petrov, Martin"]
[Black "Stoliarenko, Ivan"]
[Result "1-0"]
[WhiteElo "1901"]
[BlackElo "1641"]
[PlyCount "107"]
[EventDate "2012.08.17"]
[EventType "swiss"]
[EventRounds "9"]
[EventCountry "CZE"]
[SourceTitle "CBM 150 Extra"]
[Source "ChessBase"]
[SourceDate "2012.10.19"]
[SourceVersion "1"]
[SourceVersionDate "2012.10.19"]
[SourceQuality "1"]

1. e4 c5 2. Nf3 d6 3. d4 cxd4 4. Nxd4 Nf6 5. Nc3 Nc6 6. Bg5 Bd7 7. Qd2 Nxd4 8. Qxd4 Qa5 9. f4 h6 10. Bxf6 gxf6 11. Bc4 Rc8 12. 0-0-0 Qc5 13. Bb3 Qxd4 14. Rxd4 Rg8 15. g3 Bc6 16. Rf1 e6 17. f5 e5 18. Rd3 Be7 19. Bd5 Rg4 20. Re1 h5 21. h3 Rg8 22. b3 a5 23. a4 Bxd5 24. Nxd5 Rc6 25. c4 Kd7 26. Red1 Rb8 27. Kd2 h4 28. Ke2 Rg8 29. Kf2 hxg3+ 30. Rxg3 Rxg3 31. Kxg3 Ke8 32. Kh4 Rc8 33. Kh5 Rd8 34. Kh6 Kd7 35. Nxe7 Kxe7 36. Kg7 Rc8 37. Rd5 Kd7 38. h4 Kc6 39. h5 Kd7 40. h6 Rc6 41. h7 Rc8 42. h8Q Rxh8 43. Kxh8 Kc6 44. Kg7 Kd7 45. Kxf7 Kd8 46. Rxd6+ Kc7 47. c5 Kc8 48. Kxf6 Kc7 49. Ke7 b6 50. Rxb6 Kc8 51. f6 Kc7 52. f7 Kc8 53. f8Q+ Kc7 54. Qd8# 1-0

[Event "St Petersburg White Nights op"]
[Site "St Petersburg"]
[Date "2012.06.09"]
[Round "8"]
[White "Matchenya, Ivan"]
[Black "Stoliarenko, Ivan"]
[Result "1-0"]
[WhiteElo "1730"]
[BlackElo "1682"]
[PlyCount "73"]
[EventDate "2012.06.02"]
[EventType "swiss"]
[EventRounds "9"]
[EventCountry "RUS"]
[SourceTitle "CBM 148 Extra"]
[Source "ChessBase"]
[SourceDate "2012.06.22"]
[SourceVersion "1"]
[SourceVersionDate "2012.06.22"]
[SourceQuality "1"]

1. Nf3 g6 2. g3 Bg7 3. Bg2 Nf6 4. 0-0 0-0 5. d4 d5 6. Nbd2 b5 7. b4 Nc6 8. a3 Bb7 9. Bb2 a5 10. c3 a4 11. Qc2 e6 12. Rac1 Qe7 13. Rfd1 Rad8 14. e3 Rfe8 15. Bf1 Na7 16. Ne5 Nd7 17. Nxd7 Qxd7 18. Nf3 f6 19. Ne1 Nc8 20. Nd3 Bf8 21. Bh3 Nb6 22. Nf4 Nc4 23. e4 Qf7 24. exd5 Bxd5 25. Nxd5 exd5 26. Re1 Bh6 27. Rcd1 c6 28. Bf1 Rxe1 29. Rxe1 Nd2 30. Re2 Ne4 31. Bh3 f5 32. Qd1 Qc7 33. f3 Nd6 34. Qe1 Rd7 35. g4 Rg7 36. Re8+ Kf7 37. Qe6# 1-0

[Event "St Petersburg White Nights op"]
[Site "St Petersburg"]
[Date "2012.06.05"]
[Round "4"]
[White "Stoliarenko, Ivan"]
[Black "Dyakov, Vladislav"]
[Result "0-1"]
[WhiteElo "1682"]
[BlackElo "1844"]
[PlyCount "70"]
[EventDate "2012.06.02"]
[EventType "swiss"]
[EventRounds "9"]
[EventCountry "RUS"]
[SourceTitle "CBM 148 Extra"]
[Source "ChessBase"]
[SourceDate "2012.06.22"]
[SourceVersion "1"]
[SourceVersionDate "2012.06.22"]
[SourceQuality "1"]

1. e4 c5 2. Nf3 Nc6 3. d4 cxd4 4. Nxd4 g6 5. Nc3 Bg7 6. Be3 Nf6 7. Nb3 0-0 8. Be2 a5 9. a4 Nb4 10. f4 d5 11. e5 Ne4 12. 0-0 Nxc3 13. bxc3 Nc6 14. Bf3 e6 15. Qe2 b6 16. Qf2 Rb8 17. Rab1 Ba6 18. Rfd1 Ne7 19. Nd4 Qc7 20. Nb5 Qc6 21. Nd6 Qxa4 22. Bxb6 Qxf4 23. Bxa5 Bxe5 24. g3 Qf6 25. Bb4 Bxc3 26. Bxc3 Qxc3 27. Rxb8 Rxb8 28. Be2 Nf5 29. Nxf5 Bxe2 30. Nh6+ Kg7 31. Qxe2 Kxh6 32. Qd2+ Qxd2 33. Rxd2 Rb2 34. Rf2 Kg7 35. Kg2 Kf8 0-1

[Event "St Petersburg White Nights op"]
[Site "St Petersburg"]
[Date "2012.06.04"]
[Round "3"]
[White "Chuprova, Irina"]
[Black "Stoliarenko, Ivan"]
[Result "1-0"]
[WhiteElo "1887"]
[BlackElo "1682"]
[PlyCount "63"]
[EventDate "2012.06.02"]
[EventType "swiss"]
[EventRounds "9"]
[EventCountry "RUS"]
[SourceTitle "CBM 148 Extra"]
[Source "ChessBase"]
[SourceDate "2012.06.22"]
[SourceVersion "1"]
[SourceVersionDate "2012.06.22"]
[SourceQuality "1"]

1. e4 c5 2. Nc3 d6 3. Nge2 Nf6 4. d4 cxd4 5. Nxd4 Nc6 6. Bg5 Bd7 7. f3 Nxd4 8. Qxd4 h6 9. Be3 e5 10. Qd2 Be7 11. 0-0-0 a6 12. g4 b5 13. Kb1 b4 14. Nd5 Nxd5 15. exd5 a5 16. Be2 Qb8 17. h4 a4 18. g5 h5 19. f4 exf4 20. Bd4 Rg8 21. Qxf4 b3 22. cxb3 axb3 23. a3 Qc8 24. Bd3 Bg4 25. Rc1 Qb7 26. Rhf1 f6 27. gxf6 gxf6 28. Bxf6 Rf8 29. Qe3 Kd8 30. Bxe7+ Qxe7 31. Qb6+ Kd7 32. Bb5# 1-0

[Event "St Petersburg White Nights op"]
[Site "St Petersburg"]
[Date "2012.06.03"]
[Round "2"]
[White "Stoliarenko, Ivan"]
[Black "Egorov, Daniil"]
[Result "1-0"]
[WhiteElo "1682"]
[BlackElo "1838"]
[PlyCount "61"]
[EventDate "2012.06.02"]
[EventType "swiss"]
[EventRounds "9"]
[EventCountry "RUS"]
[SourceTitle "CBM 148 Extra"]
[Source "ChessBase"]
[SourceDate "2012.06.22"]
[SourceVersion "1"]
[SourceVersionDate "2012.06.22"]
[SourceQuality "1"]

1. e4 c5 2. Nf3 d6 3. d4 cxd4 4. Nxd4 Nf6 5. Nc3 Nc6 6. Be3 e5 7. Nb3 Be7 8. f3 a6 9. Qd2 0-0 10. 0-0-0 b5 11. Nd5 Nxd5 12. exd5 Nb8 13. g4 Nd7 14. g5 Nb6 15. Na5 Qc7 16. Nc6 Re8 17. h4 Bb7 18. Nxe7+ Rxe7 19. Bxb6 Qxb6 20. h5 Rc8 21. g6 fxg6 22. hxg6 h6 23. Bh3 Rce8 24. Rdf1 Bc8 25. f4 Bxh3 26. Rxh3 exf4 27. Qxf4 Qa5 28. Re3 Qd8 29. Qf7+ Kh8 30. Rxe7 Rg8 31. Rh1 1-0

[Event "St Petersburg Spring op"]
[Site "St Petersburg"]
[Date "2012.03.26"]
[Round "5"]
[White "Stoliarenko, Ivan"]
[Black "Kamnev, Alexander"]
[Result "0-1"]
[WhiteElo "1615"]
[BlackElo "1847"]
[PlyCount "100"]
[EventDate "2012.03.22"]
[EventType "swiss"]
[EventRounds "9"]
[EventCountry "RUS"]
[SourceTitle "EXT 2013"]
[Source "ChessBase"]
[SourceDate "2012.11.22"]
[SourceVersion "1"]
[SourceVersionDate "2012.11.22"]
[SourceQuality "1"]

1. e4 c5 2. Nf3 d6 3. d4 cxd4 4. Nxd4 Nf6 5. Nc3 a6 6. Be2 e5 7. Nb3 Be7 8. Be3 Nbd7 9. Qd2 b5 10. f3 Bb7 11. Nd5 Nxd5 12. exd5 Nb6 13. Bxb6 Qxb6 14. Na5 Bxd5 15. 0-0-0 Be6 16. f4 0-0 17. Bf3 Rac8 18. Nc6 Rxc6 19. Bxc6 Qxc6 20. fxe5 dxe5 21. a3 Rc8 22. Kb1 Qc4 23. b3 Qc5 24. Qc1 Bf5 25. Rd2 Bg5 26. Rhd1 Bxd2 27. Rxd2 Qc3 28. h3 Qxb3+ 29. Qb2 Qxb2+ 30. Kxb2 Rxc2+ 31. Rxc2 Bxc2 32. Kxc2 f5 33. Kd3 e4+ 34. Ke3 a5 35. g4 g6 36. gxf5 gxf5 37. Kf4 b4 38. axb4 axb4 39. Kxf5 e3 40. h4 e2 41. h5 e1Q 42. h6 b3 43. Kf6 b2 44. Kf5 b1R 45. Kf6 Rb6+ 46. Kf5 Qa5+ 47. Ke4 Rb4+ 48. Ke3 Qa3+ 49. Ke2 Rb2+ 50. Ke1 Qa1# 0-1

[Event "St Petersburg Spring op"]
[Site "St Petersburg"]
[Date "2012.03.24"]
[Round "3"]
[White "Kolesnikova, Kristina"]
[Black "Stoliarenko, Ivan"]
[Result "1-0"]
[WhiteElo "1927"]
[BlackElo "1615"]
[PlyCount "57"]
[EventDate "2012.03.22"]
[EventType "swiss"]
[EventRounds "9"]
[EventCountry "RUS"]
[SourceTitle "EXT 2013"]
[Source "ChessBase"]
[SourceDate "2012.11.22"]
[SourceVersion "1"]
[SourceVersionDate "2012.11.22"]
[SourceQuality "1"]

1. e4 c5 2. Nf3 d6 3. d4 cxd4 4. Nxd4 Nf6 5. Nc3 g6 6. Be3 Bg7 7. f3 0-0 8. Qd2 Nc6 9. 0-0-0 Bd7 10. g4 Rc8 11. h4 h5 12. gxh5 Nxh5 13. Nxc6 Bxc6 14. Bd4 a6 15. Bh3 Bd7 16. Bxg7 Kxg7 17. Bg4 Qa5 18. Bxd7 Rc7 19. Bg4 e6 20. Bxh5 Qxh5 21. Qg5 Qxf3 22. h5 Rc5 23. h6+ Kh7 24. Qe7 Rfc8 25. Rdf1 Qe3+ 26. Kb1 R5c7 27. Rxf7+ Kh8 28. Qf6+ Kg8 29. Qg7# 1-0

[Event "St Petersburg Spring op"]
[Site "St Petersburg"]
[Date "2012.03.23"]
[Round "2"]
[White "Stoliarenko, Ivan"]
[Black "Tskhadadze, Anna"]
[Result "1-0"]
[WhiteElo "1615"]
[BlackElo "1835"]
[PlyCount "93"]
[EventDate "2012.03.22"]
[EventType "swiss"]
[EventRounds "9"]
[EventCountry "RUS"]
[SourceTitle "EXT 2013"]
[Source "ChessBase"]
[SourceDate "2012.11.22"]
[SourceVersion "1"]
[SourceVersionDate "2012.11.22"]
[SourceQuality "1"]

1. e4 e5 2. Nf3 Nc6 3. Bb5 a6 4. Ba4 Nf6 5. 0-0 Nxe4 6. d4 b5 7. Bb3 d5 8. dxe5 Be6 9. Nbd2 Bc5 10. Nxe4 dxe4 11. Bxe6 fxe6 12. Ng5 Qxd1 13. Rxd1 Rd8 14. Rxd8+ Nxd8 15. Nxe4 Bd4 16. c3 Bxe5 17. Nc5 a5 18. Bg5 Bf6 19. Bxf6 gxf6 20. Re1 e5 21. f4 Nc6 22. fxe5 fxe5 23. Nd3 Kf7 24. Nxe5+ Nxe5 25. Rxe5 c6 26. Kf2 Rd8 27. Ke2 a4 28. Rc5 Re8+ 29. Kf2 Re6 30. c4 b4 31. Ra5 Rd6 32. Ke2 Rg6 33. g3 Rh6 34. h4 Rg6 35. Rxa4 c5 36. Ra7+ Kg8 37. Kf2 Rd6 38. Ke2 Rd4 39. b3 Rg4 40. Kf3 Rd4 41. Ke2 Re4+ 42. Kf2 Re5 43. Rc7 h6 44. Kf3 Rf5+ 45. Kg4 Re5 46. Kf4 Rh5 47. Re7 1-0